000 00729nam a2200205Ii 4500
003 JO-AjNU
008 230605s9999||||xx |||||||||||||| ||und||
040 _aJO-AjNU
_bara
_erda
_cJO-AjNU
041 _aara
050 1 4 _aJX176.A7.M34 1975
100 3 _aجمع واعداد أبو جابر، غالب,
_eauthor
_940926
245 0 0 _aمجموعة المعاهدات والاتفاقيات الاردنية 1923-1973، المجاد الثاني
250 _aط1
264 3 1 _aعمان:وزارة الثقافة، 1975
300 _aمج2، (609-1280)ص
336 _atext
_btxt
_2rdacontent
337 _aunmediated
_bn
_2rdamedia
338 _avolume
_bnc
_2rdacarrier
650 4 _aالمعاهدات والاحلاف
_940927
999 _aA17407
_c20975
_d20975